Tự học piano và keyboards

محفوظ في:
التفاصيل البيبلوغرافية
المؤلف الرئيسي: Palmer, King
التنسيق: كتاب
اللغة:Undetermined
منشور في: Thành phố Hồ Chí Minh Tổng hợp Thành phố Hồ Chí Minh 2004
الموضوعات:
الوسوم: إضافة وسم
لا توجد وسوم, كن أول من يضع وسما على هذه التسجيلة!
Thư viện lưu trữ: Trung tâm Học liệu Trường Đại học Cần Thơ
LEADER 00588nam a2200193Ia 4500
001 CTU_95507
008 210402s9999 xx 000 0 und d
020 |c 20000 
082 |a 788.865 
082 |b P173 
100 |a Palmer, King 
245 0 |a Tự học piano và keyboards 
245 0 |c King Palmer; Nhân Văn biên dịch 
260 |a Thành phố Hồ Chí Minh 
260 |b Tổng hợp Thành phố Hồ Chí Minh 
260 |c 2004 
650 |a Piano accordions 
904 |i Mai Loan,Hải 
980 |a Trung tâm Học liệu Trường Đại học Cần Thơ